The last kids on Earth and the cosmic beyond / (Record no. 31365)

MARC details
000 -LEADER
fixed length control field 02887cam a2200649 i 4500
001 - CONTROL NUMBER
control field on1050869091
003 - CONTROL NUMBER IDENTIFIER
control field OCoLC
005 - DATE AND TIME OF LATEST TRANSACTION
control field 20251205023744.0
007 - PHYSICAL DESCRIPTION FIXED FIELD--GENERAL INFORMATION
fixed length control field ta
008 - FIXED-LENGTH DATA ELEMENTS--GENERAL INFORMATION
fixed length control field 190117t20182018nyuab j 000 1 eng d
010 ## - LIBRARY OF CONGRESS CONTROL NUMBER
LC control number 2018287224
015 ## - NATIONAL BIBLIOGRAPHY NUMBER
National bibliography number GBB8E0033
Source bnb
016 7# - NATIONAL BIBLIOGRAPHIC AGENCY CONTROL NUMBER
Record control number 018993881
Source Uk
020 ## - INTERNATIONAL STANDARD BOOK NUMBER
International Standard Book Number 9780425292082
Qualifying information (hardcover)
020 ## - INTERNATIONAL STANDARD BOOK NUMBER
International Standard Book Number 0425292088
Qualifying information (hardcover)
020 ## - INTERNATIONAL STANDARD BOOK NUMBER
International Standard Book Number 9780593349687
Qualifying information (box)
020 ## - INTERNATIONAL STANDARD BOOK NUMBER
International Standard Book Number 0593349687
Qualifying information (box)
020 ## - INTERNATIONAL STANDARD BOOK NUMBER
International Standard Book Number 9781338530940
Qualifying information (hardcover ;
-- Scholastic ;
-- 2018)
037 ## - SOURCE OF ACQUISITION
Source of stock number/acquisition Penguin Group USA, Order Processing Dept 120 Woodbine st, Bergenfield, NJ, USA, 07621
Note SAN 201-3975
040 ## - CATALOGING SOURCE
Original cataloging agency OQX
Language of cataloging eng
Description conventions rda
Transcribing agency DLC
Modifying agency OQX
-- BDX
-- T7B
-- TCH
-- PCX
-- NYP
-- WLM
-- CZA
-- UNL
-- YDX
-- TXGON
-- OCLCF
-- IUK
-- OF9
-- VP@
-- UKMGB
-- TXMML
-- IBI
-- KC#
-- T2D
-- TXMAL
-- MLM
-- ONT
-- HQD
-- KAA
-- JPI
-- TO7
-- XYZ
-- TXENN
-- MJ8
-- HHO
-- JZH
-- XL4
-- TL4
-- XOL
-- OCLCO
-- JTH
-- UTP
-- OCLCO
-- MQY
-- OCLCO
-- EHH
-- NZAUC
-- TJ7
-- JNE
-- OCLCO
-- JXI
-- BYV
-- ZQP
-- ILM
-- OCLCO
-- Y58
-- JTH
-- CHILD
-- XMC
-- WIMVL
-- KJ6
-- O2L
-- DUD
-- CNCAR
-- UtOrBLW
042 ## - AUTHENTICATION CODE
Authentication code lccopycat
050 00 - LIBRARY OF CONGRESS CALL NUMBER
Classification number PZ7.B7356
Item number Lau 2018
082 04 - DEWEY DECIMAL CLASSIFICATION NUMBER
Classification number [Fic]
Edition number 23
092 ## - LOCALLY ASSIGNED DEWEY CALL NUMBER (OCLC)
Classification number J BRALLIER
100 1# - MAIN ENTRY--PERSONAL NAME
Personal name Brallier, Max,
Relator term author.
245 14 - TITLE STATEMENT
Title The last kids on Earth and the cosmic beyond /
Statement of responsibility, etc. Max Brallier & Douglas Holgate.
246 30 - VARYING FORM OF TITLE
Title proper/short title Cosmic beyond.
264 #1 - PRODUCTION, PUBLICATION, DISTRIBUTION, MANUFACTURE, AND COPYRIGHT NOTICE
Place of production, publication, distribution, manufacture New York, New York :
Name of producer, publisher, distributor, manufacturer Viking,
Date of production, publication, distribution, manufacture, or copyright notice 2018.
264 #4 - PRODUCTION, PUBLICATION, DISTRIBUTION, MANUFACTURE, AND COPYRIGHT NOTICE
Date of production, publication, distribution, manufacture, or copyright notice ℗♭2018.
300 ## - PHYSICAL DESCRIPTION
Extent 257 pages :
Other physical details illustrations, map ;
Dimensions 22 cm.
336 ## - CONTENT TYPE
Content type term text
Content type code txt
Source rdacontent.
336 ## - CONTENT TYPE
Content type term still image
Content type code sti
Source rdacontent.
337 ## - MEDIA TYPE
Media type term unmediated
Media type code n
Source rdamedia.
338 ## - CARRIER TYPE
Carrier type term volume
Carrier type code nc
Source rdacarrier.
340 ## - PHYSICAL MEDIUM
Source rdaill.
490 1# - SERIES STATEMENT
Series statement The last kids on Earth ;
Volume/sequential designation 4.
520 ## - SUMMARY, ETC.
Summary, etc. During the first winter after the Monster Apocalypse, Jack and his buddies prepare for a monstrous Christmas celebration, but a supervillainess steals Jack's prized monster-slaying weapon, his Louisville Slicer, and he vows to get it back.
521 8# - TARGET AUDIENCE NOTE
Target audience note 540L
Source Lexile.
521 3# - TARGET AUDIENCE NOTE
Target audience note Decoding demand: 91 (very high)
-- Semantic demand: 100 (very high)
-- Syntactic demand: 78 (high)
-- Structure demand: 90 (very high)
Source Lexile.
526 0# - STUDY PROGRAM INFORMATION NOTE
Program name Accelerated Reader AR
Interest level MG
Reading level 3.9
Title point value 4
Public note 197114.
526 0# - STUDY PROGRAM INFORMATION NOTE
Program name Accelerated Reader
Interest level MG
Reading level 3.9
Title point value 4.0
Public note 197114.
526 0# - STUDY PROGRAM INFORMATION NOTE
Program name Accelerated Reader AR
Reading level 3.9
Title point value 4.0
Public note 197114.
Institution to which field applies MCPL.
526 0# - STUDY PROGRAM INFORMATION NOTE
Program name Renaissance Learning/Accelerated Reader
Interest level MG
Reading level 3.9
Title point value 4.0.
526 0# - STUDY PROGRAM INFORMATION NOTE
Program name Accelerated Reader
Interest level MG
Reading level 3.9
Title point value 4
Public note 197114.
650 #0 - SUBJECT ADDED ENTRY--TOPICAL TERM
Topical term or geographic name as entry element Winter
Form subdivision Juvenile fiction.
650 #0 - SUBJECT ADDED ENTRY--TOPICAL TERM
Topical term or geographic name as entry element Monsters
Form subdivision Juvenile fiction.
650 #0 - SUBJECT ADDED ENTRY--TOPICAL TERM
Topical term or geographic name as entry element Supervillains
Form subdivision Juvenile fiction.
650 #0 - SUBJECT ADDED ENTRY--TOPICAL TERM
Topical term or geographic name as entry element Weapons
Form subdivision Juvenile fiction.
650 #1 - SUBJECT ADDED ENTRY--TOPICAL TERM
Topical term or geographic name as entry element Winter
Form subdivision Fiction.
650 #1 - SUBJECT ADDED ENTRY--TOPICAL TERM
Topical term or geographic name as entry element Monsters
Form subdivision Fiction.
650 #1 - SUBJECT ADDED ENTRY--TOPICAL TERM
Topical term or geographic name as entry element Supervillains
Form subdivision Fiction.
650 #1 - SUBJECT ADDED ENTRY--TOPICAL TERM
Topical term or geographic name as entry element Weapons
Form subdivision Fiction.
655 #7 - INDEX TERM--GENRE/FORM
Genre/form data or focus term Horror fiction.
Source of term lcgft.
700 1# - ADDED ENTRY--PERSONAL NAME
Personal name Holgate, Douglas,
Relator term illustrator.
800 1# - SERIES ADDED ENTRY--PERSONAL NAME
Personal name Brallier, Max.
Title of a work Last kids on Earth ;
Volume/sequential designation 4.
942 ## - ADDED ENTRY ELEMENTS (KOHA)
Source of classification or shelving scheme Dewey Decimal Classification
Koha item type Libro/Book
Holdings
Withdrawn status Lost status Damaged status Not for loan Home library Current library Shelving location Date acquired Total Checkouts Total Renewals Full call number Barcode Date last seen Date checked out Price effective from Koha item type
        San Juan Del Sur -- Biblioteca San Juan Del Sur -- Biblioteca English 05/12/2025 1 1 YA 30023574 14/04/2026 09/12/2025 05/12/2025 Libro/Book

Powered by Koha